[Event "ICS rated blitz match"]
[Site "204.178.125.65"]
[Date "2000.10.05"]
[Round "?"]
[White "adek"]
[Black "Hossa"]
[Result "0-1"]
[WhiteElo "2274"]
[BlackElo "2559"]
[PlyCount "78"]
[EventDate "2000.??.??"]

1. d4 d5 2. Nf3 Nf6 3. c4 c6 4. e3 Bf5 5. Nc3 e6 6. Qb3 b6 7. Ne5 Bd6 8. f4 Ne4
9. Be2 Bxe5 10. fxe5 Qh4+ 11. g3 Nxg3 12. cxd5 Nxh1+ 13. Kd2 exd5 14. Nxd5 cxd5
15. Qxd5 Be4 16. Bb5+ Kf8 17. Qc4 Qxh2+ 18. Kc3 Qc2+ 19. Kb4 Nc6+ 20. Bxc6 a5+
21. Kb5 Bd3 22. b3 Bxc4+ 23. bxc4 Qc3 24. Bd5 Qxa1 25. Ba3+ Kg8 26. Bxa8 Qxa2
27. Be7 Ng3 28. d5 Qb2+ 29. Kc6 Qxe5 30. d6 Qxe3 31. Bh4 Qe4+ 32. Kc7 Qxc4+ 33.
Kxb6 Qxh4 34. d7 Qd8+ 35. Kc6 a4 36. Kd6 a3 37. Bd5 Qb6+ 38. Ke7 Qb4+ 39. Ke8
Qf8# {adek checkmated} 0-1

[Event "ICS rated blitz match"]
[Site "204.178.125.65"]
[Date "2000.10.05"]
[Round "?"]
[White "SupermanFN"]
[Black "Hossa"]
[Result "0-1"]
[WhiteElo "2016"]
[BlackElo "2564"]
[PlyCount "24"]
[EventDate "2000.??.??"]

1. e4 e5 2. Nc3 Nf6 3. Bc4 Nxe4 4. Qh5 Nd6 5. Bb3 Nc6 6. Nf3 g6 7. Qg4 f5 8.
Qg3 f4 9. Qg4 Nf7 10. Bxf7+ Kxf7 11. Ng5+ Kg7 12. Qh4 Be7 {SupermanFN resigns}
0-1

[Event "ICS rated blitz match"]
[Site "204.178.125.65"]
[Date "2000.10.05"]
[Round "?"]
[White "Hossa"]
[Black "flytox"]
[Result "1-0"]
[WhiteElo "2565"]
[BlackElo "2094"]
[PlyCount "105"]
[EventDate "2000.??.??"]

1. c4 e5 2. e3 Nf6 3. Qc2 g6 4. d4 d6 5. Nf3 Nc6 6. d5 Ne7 7. e4 Bg7 8. Bd3 O-O
9. Nc3 Ne8 10. O-O f5 11. Ng5 fxe4 12. Bxe4 Nf6 13. Be3 b6 14. Bf3 Bf5 15. Qd2
Qe8 16. Ne6 Bxe6 17. dxe6 Nf5 18. Bxa8 Qxa8 19. Qd3 Re8 20. Nd5 Qc8 21. Qa3 a5
22. Qa4 Rxe6 23. Qc6 Nxd5 24. cxd5 Re8 25. Rac1 Nxe3 26. fxe3 Bh6 27. Rfe1 Re7
28. Qxd6 cxd6 29. Rxc8+ Kg7 30. Rd8 Rc7 31. Re2 e4 32. Rxd6 Rc1+ 33. Kf2 Rd1
34. Rxb6 Rxd5 35. Re6 Kf7 36. Rxe4 Kf6 37. Rh4 Kg7 38. Rd4 Rb5 39. Rd7+ Kf6 40.
Rxh7 Bg7 41. Kg1 Rc5 42. Rf2+ Rf5 43. Rc2 Bf8 44. g4 Rf3 45. Kg2 Rxe3 46. Rf2+
Kg5 47. Rxf8 Re2+ 48. Kf3 Rxh2 49. Rxh2 a4 50. Kf2 a3 51. bxa3 Kxg4 52. Rg2+
Kh5 53. Rh8# {flytox checkmated} 1-0

[Event "ICS rated blitz match"]
[Site "204.178.125.65"]
[Date "2000.10.05"]
[Round "?"]
[White "dama1405"]
[Black "Hossa"]
[Result "0-1"]
[WhiteElo "1950"]
[BlackElo "2567"]
[PlyCount "42"]
[EventDate "2000.??.??"]

1. e4 e5 2. Nf3 Nc6 3. Bb5 a6 4. Ba4 Nf6 5. O-O Be7 6. Re1 b5 7. Bb3 d6 8. h3
O-O 9. c3 Na5 10. Bc2 c5 11. d4 cxd4 12. cxd4 Nc6 13. d5 Nb4 14. Bb3 a5 15. a4
bxa4 16. Bxa4 Nd7 17. Nc3 f5 18. exf5 Nb6 19. Bb5 Bxf5 20. Re2 Bxh3 21. Be3 Bg4
{dama1405 resigns} 0-1

[Event "ICS rated blitz match"]
[Site "204.178.125.65"]
[Date "2000.10.05"]
[Round "?"]
[White "Hossa"]
[Black "adek"]
[Result "1-0"]
[WhiteElo "2569"]
[BlackElo "2278"]
[PlyCount "77"]
[EventDate "2000.??.??"]

1. e4 c5 2. Nf3 Nc6 3. d4 cxd4 4. Nxd4 g6 5. Nc3 Bg7 6. Be3 Nf6 7. Bc4 O-O 8.
Bb3 Qa5 9. f3 d6 10. Qd2 Bd7 11. O-O Rfc8 12. Nxc6 Bxc6 13. Bd4 Rd8 14. Rfd1
Qc7 15. Qg5 a5 16. a4 h6 17. Qxg6 d5 18. exd5 Be8 19. Qd3 Qf4 20. Bb6 Rd7 21.
g3 Qb4 22. Qe3 Rc8 23. Nb5 h5 24. Qg5 h4 25. gxh4 Rc4 26. Bxc4 Qxc4 27. Nc3 Rd6
28. Bd4 Nh5 29. b3 Qb4 30. Na2 Qa3 31. Qxh5 Rg6+ 32. Kh1 Bxd4 33. Rxd4 Qb2 34.
Rdd1 Qxc2 35. Rg1 f6 36. Rae1 Qf2 37. Rxg6+ Bxg6 38. Qxg6+ Kf8 39. Qe4 {
adek resigns} 1-0

[Event "ICS rated blitz match"]
[Site "204.178.125.65"]
[Date "2000.10.05"]
[Round "?"]
[White "Hossa"]
[Black "salzi"]
[Result "1-0"]
[WhiteElo "2585"]
[BlackElo "2166"]
[PlyCount "30"]
[EventDate "2000.??.??"]

1. e4 c5 2. Nf3 d6 3. d4 cxd4 4. Nxd4 Nf6 5. Nc3 a6 6. Bg5 Nbd7 7. Be2 e6 8.
O-O Be7 9. a4 Qc7 10. Nb3 O-O 11. Qd2 Nc5 12. Nxc5 dxc5 13. Rfd1 Rd8 14. Qe3
Bd7 15. e5 Nd5 {salzi resigns} 1-0

[Event "ICS rated blitz match"]
[Site "204.178.125.65"]
[Date "2000.10.05"]
[Round "?"]
[White "salzi"]
[Black "Hossa"]
[Result "1/2-1/2"]
[WhiteElo "2159"]
[BlackElo "2588"]
[PlyCount "220"]
[EventDate "2000.??.??"]

1. d4 Nf6 2. c4 g6 3. Nc3 Bg7 4. e4 d6 5. Be2 O-O 6. Nf3 e5 7. O-O Nc6 8. d5
Ne7 9. Ne1 Nd7 10. g4 f5 11. f3 fxe4 12. fxe4 Rxf1+ 13. Bxf1 Nc5 14. Nd3 Nxd3
15. Bxd3 Bd7 16. Be3 Nc8 17. Qf3 Qh4 18. h3 Nb6 19. Rf1 Rf8 20. Qg2 c5 21.
Rxf8+ Bxf8 22. Qf3 Qe1+ 23. Kg2 Na4 24. Nxa4 Bxa4 25. b3 Bd7 26. Qf2 Qxf2+ 27.
Kxf2 Be7 28. Kg3 Kf7 29. a4 g5 30. Be2 Bf6 31. Bd3 b6 32. Bb1 a6 33. Bd3 Kg6
34. Be2 Be8 35. Bd3 Be7 36. Be2 Bd7 37. Bd3 Kh6 38. Be2 Be8 39. Bd3 Bf6 40. Be2
Kg7 41. Bd3 h5 42. Be2 h4+ 43. Kf3 Bd7 44. Bd3 Kh7 45. Be2 Kg6 46. Bd3 Kf7 47.
Be2 Ke7 48. Bd3 Kd8 49. Be2 Kc8 50. Bd3 Kb7 51. Ke2 Be8 52. Kd2 Kc7 53. Kc3 Bd7
54. Kd2 Kd8 55. b4 Bxa4 56. b5 a5 57. Bc2 Bxc2 58. Kxc2 Kc7 59. Kb3 Bd8 60. Ka4
Kd7 61. Bg1 Bf6 62. Be3 Kc8 63. Bg1 Kb7 64. Be3 Bd8 65. Bg1 Ka7 66. Be3 Bf6 67.
Bg1 Kb8 68. Be3 Be7 69. Bg1 Kc8 70. Be3 Kb7 71. Bg1 Kb8 72. Be3 Ka8 73. Bg1 Kb7
74. Be3 Kc7 75. Bg1 Kd8 76. Be3 Bf6 77. Bg1 Ke7 78. Be3 Kf8 79. Bg1 Ke8 80. Be3
Kf7 81. Bg1 Be7 82. Be3 Kf8 83. Bg1 Ke8 84. Be3 Kf7 85. Bg1 Kg6 86. Be3 Bf6 87.
Bg1 Kf7 88. Be3 Kg8 89. Bg1 Bd8 90. Be3 Kf8 91. Bg1 Kf7 92. Be3 Be7 93. Bg1 Kg6
94. Be3 Bd8 95. Bg1 Kh6 96. Be3 Kg7 97. Bg1 Kh8 98. Be3 Kg7 99. Bg1 Kf6 100.
Be3 Be7 101. Bg1 Bf8 102. Be3 Bh6 103. Bg1 Kf7 104. Be3 Ke7 105. Bg1 Kf6 106.
Be3 Bg7 107. Bg1 Ke7 108. Be3 Kf7 109. Bg1 Bf6 110. Be3 Ke8 {
Game drawn by the 50 move rule} 1/2-1/2

[Event "ICS rated blitz match"]
[Site "204.178.125.65"]
[Date "2000.10.05"]
[Round "?"]
[White "Hossa"]
[Black "gaudi"]
[Result "0-1"]
[WhiteElo "2574"]
[BlackElo "1914"]
[PlyCount "72"]
[EventDate "2000.??.??"]

1. d4 e6 2. e4 d5 3. Nc3 Bb4 4. a3 Bxc3+ 5. bxc3 dxe4 6. Qg4 Nf6 7. Qxg7 Rg8 8.
Qh6 c5 9. Bb2 Nbd7 10. Ne2 Qb6 11. Rb1 c4 12. Ng3 Qc6 13. Be2 b5 14. O-O Bb7
15. Rfe1 O-O-O 16. Bf1 Ng4 17. Qh5 f5 18. Qh4 Ndf6 19. h3 Nd5 20. hxg4 Rxg4 21.
Qxh7 Rdg8 22. Ba1 Nf6 23. Qf7 Ne8 24. a4 a6 25. axb5 axb5 26. Nh5 e3 27. f3
Qxf3 28. Qxe6+ Kb8 29. Qxe8+ Rxe8 30. Re2 Reg8 31. d5 Qxd5 32. Ng7 R8xg7 33.
Rf2 Rxg2+ 34. Rxg2 Rxg2+ 35. Kh1 Rg1+ 36. Kxg1 Qh1# {Hossa checkmated} 0-1

[Event "ICS rated blitz match"]
[Site "204.178.125.65"]
[Date "2000.10.05"]
[Round "?"]
[White "gaudi"]
[Black "Hossa"]
[Result "0-1"]
[WhiteElo "1945"]
[BlackElo "2543"]
[PlyCount "60"]
[EventDate "2000.??.??"]

1. d4 d5 2. c4 c6 3. e3 Nf6 4. Nc3 e6 5. Nf3 b6 6. Bd3 dxc4 7. Bxc4 Bb4 8. O-O
O-O 9. Qc2 Bb7 10. a3 Bxc3 11. bxc3 c5 12. Ne5 Be4 13. Bd3 Bxd3 14. Qxd3 Qd5
15. f3 Rd8 16. e4 Qxe5 17. dxe5 Rxd3 18. exf6 gxf6 19. Bh6 Rxc3 20. Rfd1 Nc6
21. Rd7 Ne5 22. Rc7 a6 23. Rd1 Rxa3 24. h4 Rd3 25. Rb1 Rd7 26. Rxd7 Nxd7 27. f4
c4 28. Rc1 b5 29. Rc3 Kh8 30. g4 Nc5 {gaudi resigns} 0-1

[Event "ICS rated blitz match"]
[Site "204.178.125.65"]
[Date "2000.10.05"]
[Round "?"]
[White "Hossa"]
[Black "gaudi"]
[Result "1-0"]
[WhiteElo "2544"]
[BlackElo "1944"]
[PlyCount "41"]
[EventDate "2000.??.??"]

1. e4 e6 2. d4 d5 3. Nc3 Bb4 4. e5 c5 5. a3 Bxc3+ 6. bxc3 Ne7 7. Qg4 O-O 8. Bd3
Ng6 9. Nf3 Qa5 10. Bd2 c4 11. Bxg6 fxg6 12. h4 Qa4 13. Ra2 Qe8 14. Be3 Qf7 15.
Ng5 Qf5 16. Qe2 Re8 17. Rh3 Qf8 18. h5 gxh5 19. Qxh5 h6 20. Qg6 Re7 21. Qh7# {
gaudi checkmated} 1-0

[Event "ICS Rated blitz match"]
[Site "204.178.125.65"]
[Date "2000.10.05"]
[Round "?"]
[White "LrGenius"]
[Black "Hossa"]
[Result "1/2-1/2"]
[WhiteElo "2343"]
[BlackElo "2548"]
[PlyCount "146"]
[EventDate "2000.??.??"]

1. e4 c5 2. Nf3 e6 3. d4 cxd4 4. Nxd4 Nc6 5. Nb5 d6 6. Bf4 e5 7. Be3 a6 8. N5c3
Nf6 9. Bg5 Be7 10. Bxf6 Bxf6 11. Nd2 Bg5 12. Nc4 Nd4 13. Ne2 Bg4 14. c3 Nb5 15.
a4 Rc8 16. Qd3 Be6 17. Ne3 Nc7 18. Ng3 O-O 19. Rd1 Bb3 20. Ra1 Qd7 21. Be2 Ne6
22. Bg4 Bxa4 23. O-O Rfd8 24. Rfe1 Bb3 25. Nd5 Rc5 26. Nh5 Qb5 27. Qg3 Bxd5 28.
exd5 Nf4 29. Bf3 f6 30. h4 Nxh5 31. Bxh5 Bf4 32. Qg4 Qxb2 33. Qe6+ Kh8 34. Bf3
Rc7 35. Be4 Qxc3 36. Qf5 Bh2+ 37. Kxh2 Kg8 38. Qxh7+ Kf8 39. Bg6 Rf7 40. Bxf7
Kxf7 41. Rac1 Qa5 42. Qh5+ Kg8 43. Re4 Qxd5 44. Rg4 Rf8 45. Rc7 Rf7 46. Rc8+
Rf8 47. Rxf8+ Kxf8 48. Qh8+ Qg8 49. Qxg8+ Kxg8 50. Rc4 d5 51. Rc7 b5 52. Ra7 d4
53. Rxa6 d3 54. Rb6 e4 55. Kg3 Kf7 56. Kf4 Ke7 57. Ke3 f5 58. Rxb5 Kf6 59. Rb6+
Ke5 60. f4+ Kd5 61. Rg6 Kc4 62. Rxg7 Kc3 63. Rc7+ Kb3 64. Kd2 Kb4 65. Rf7 Kc4
66. Rxf5 Kb3 67. Re5 Kc4 68. Rxe4+ Kc5 69. Kxd3 Kd5 70. h5 Kc6 71. h6 Kd5 72.
h7 Kc6 73. h8=Q Kc5 {LrGenius ran out of time and Hossa has no material to mate
} 1/2-1/2

[Event "ICS rated blitz match"]
[Site "204.178.125.65"]
[Date "2000.10.05"]
[Round "?"]
[White "Hossa"]
[Black "Ramsky"]
[Result "1/2-1/2"]
[WhiteElo "2540"]
[BlackElo "2239"]
[PlyCount "159"]
[EventDate "2000.??.??"]

1. d4 Nf6 2. c4 c5 3. d5 b5 4. cxb5 a6 5. bxa6 Bxa6 6. Nc3 g6 7. e4 Bxf1 8.
Kxf1 d6 9. Nf3 Bg7 10. g3 O-O 11. Kg2 Qa5 12. Rf1 Nbd7 13. Kg1 Ng4 14. h3 Nge5
15. Nxe5 Bxe5 16. Qc2 Rfb8 17. Re1 c4 18. Bd2 Nc5 19. Rf1 Qa6 20. Rfb1 Nd3 21.
b3 Bd4 22. Be3 Bxe3 23. fxe3 Qa7 24. Nd1 Ne5 25. bxc4 Rxb1 26. Qxb1 Nxc4 27.
Qd3 Ne5 28. Qc2 Qd7 29. Nf2 Qa7 30. Qc3 Qa3 31. Qxa3 Rxa3 32. Kh2 Nc4 33. e5
Nxe5 34. e4 Kg7 35. Kg2 Nc4 36. Nd1 Kf6 37. Nf2 Ke5 38. Kh1 Nd2 39. g4 Kf4 40.
Kg1 Kg3 41. g5 Nf3+ 42. Kf1 Nxg5 43. h4 Nf3 44. Nh1+ Kf4 45. Nf2 Nxh4 46. Rc1
Rxa2 47. Rc3 Nf3 48. Rc7 Kg3 49. Nd3 Nd2+ 50. Ke1 Nxe4 51. Rxe7 f5 52. Rxh7 Kf3
53. Kf1 Ng3+ 54. Ke1 Ke3 55. Nc1 Ra1 56. Kd1 Ne4 57. Rg7 g5 58. Rb7 g4 59. Rb3+
Kd4 60. Kc2 f4 61. Kb2 Ra8 62. Ne2+ Ke5 63. Rd3 f3 64. Nc1 f2 65. Rd1 g3 66.
Nd3+ Kf5 67. Rc1 g2 68. Nxf2 Nxf2 69. Rg1 Nd3+ 70. Kc3 Nf4 71. Kc4 Rb8 72. Kd4
Kg4 73. Ke3 Rb3+ 74. Ke4 Kg3 75. Rxg2+ Nxg2 76. Kf5 Nf4 77. Kf6 Nxd5+ 78. Kf5
Kf3 79. Kg6 Nf4+ 80. Kf5 {
Ramsky ran out of time and Hossa has no material to mate} 1/2-1/2

[Event "ICS rated blitz match"]
[Site "204.178.125.65"]
[Date "2000.10.05"]
[Round "?"]
[White "maese"]
[Black "Hossa"]
[Result "0-1"]
[WhiteElo "1957"]
[BlackElo "2541"]
[PlyCount "84"]
[EventDate "2000.??.??"]

1. e4 e5 2. Nf3 Nc6 3. Bb5 a6 4. Ba4 Nf6 5. O-O Be7 6. d3 b5 7. Bb3 d6 8. c3
O-O 9. Bg5 Be6 10. Bxe6 fxe6 11. Nbd2 Qe8 12. Qb3 Qf7 13. d4 Nd7 14. Bxe7 Qxe7
15. d5 Na5 16. Qb4 Nb7 17. c4 exd5 18. cxd5 Ndc5 19. Qc3 a5 20. b4 axb4 21.
Qxb4 Qe8 22. Rfb1 Ra5 23. Nb3 Ra4 24. Qc3 Rc4 25. Qe1 Nxe4 26. Rc1 Nf6 27. Rxc4
bxc4 28. Na5 Qb5 29. Rb1 Qxa5 30. Rxb7 Qxe1+ 31. Nxe1 Nxd5 32. Nc2 Ra8 33. a3
Kf7 34. g3 Ke6 35. Ne3 Nxe3 36. fxe3 Kd7 37. Kf2 Rxa3 38. Rb4 d5 39. h4 c3 40.
Rg4 c2 41. Rxg7+ Kd6 42. Rxh7 c1=Q {maese resigns} 0-1

[Event "ICS Rated standard match"]
[Site "204.178.125.65"]
[Date "2000.10.05"]
[Round "?"]
[White "Hossa"]
[Black "Interceptor"]
[Result "0-1"]
[WhiteElo "2490"]
[BlackElo "2490"]
[PlyCount "142"]
[EventDate "2000.??.??"]

1. d4 d5 2. Bf4 c5 3. dxc5 Nc6 4. Nf3 f6 5. c3 e5 6. Be3 Nge7 7. b4 Be6 8. Bc1
g5 9. e3 Bg7 10. Be2 O-O 11. O-O a6 12. Ba3 Ng6 13. Qc2 f5 14. Nbd2 g4 15. Ne1
e4 16. g3 Qf6 17. Bb2 Nxb4 18. Qb3 Nc6 19. Nc2 Qe7 20. Nd4 Nge5 21. Nxe6 Qxe6
22. c4 Na5 23. Qc2 Rac8 24. cxd5 Qxd5 25. Bd4 Nac6 26. Qb3 Rfd8 27. Qxd5+ Rxd5
28. Bxe5 Nxe5 29. Nb3 Nd3 30. Rab1 Rd7 31. Rfd1 Rcc7 32. Rd2 Bc3 33. Rc2 Be1
34. Bf1 Bb4 35. Nd4 Rxc5 36. Rxc5 Bxc5 37. Nxf5 Ne5 38. h3 Nf3+ 39. Kg2 gxh3+
40. Kxh3 b5 41. Rc1 Bf8 42. Bg2 Rd2 43. Bxf3 exf3 44. Rf1 Rxa2 45. Kg4 b4 46.
Kxf3 b3 47. Rb1 b2 48. Ke2 a5 49. Nd4 a4 50. Kd3 Bg7 51. Nc2 Ra1 52. Nxa1
bxa1=Q 53. Rxa1 Bxa1 54. Kc4 Bb2 55. Kb4 a3 56. Kb3 Kf7 57. Ka2 Ke6 58. Kb3 h5
59. Ka2 Be5 60. f4 Bd6 61. e4 Bxf4 62. gxf4 h4 63. Kb3 h3 64. Kc4 a2 65. Kd3
a1=Q 66. Ke2 Qb2+ 67. Ke3 h2 68. Kd3 h1=Q 69. f5+ Kf7 70. e5 Qd5+ 71. Ke3 Qbd2#
{Hossa checkmated} 0-1

[Event "ICS rated blitz match"]
[Site "204.178.125.65"]
[Date "2000.10.05"]
[Round "?"]
[White "Hossa"]
[Black "Popquiz777"]
[Result "0-1"]
[WhiteElo "2530"]
[BlackElo "2418"]
[PlyCount "62"]
[EventDate "2000.??.??"]

1. d4 d5 2. Bf4 c5 3. e3 Nc6 4. Nf3 Bg4 5. Bb5 cxd4 6. Qxd4 f6 7. Bg3 Bxf3 8.
gxf3 e5 9. Qd2 h5 10. h4 Bc5 11. Nc3 Nge7 12. Na4 Bd6 13. O-O-O a6 14. Bd3 O-O
15. e4 Nb4 16. Nc3 Nxd3+ 17. Qxd3 d4 18. Ne2 Qb6 19. Kb1 Rad8 20. f4 Rc8 21.
Bh2 Nc6 22. Qc4+ Kh8 23. fxe5 fxe5 24. Nc1 Nb4 25. Qe2 Rxc2 26. Qxh5+ Kg8 27.
f4 Rxb2+ 28. Kxb2 Nd3+ 29. Kc2 Rc8+ 30. Kxd3 Qb5+ 31. Kd2 Bb4# {
Hossa checkmated} 0-1

[Event "ICS Rated blitz match"]
[Site "204.178.125.65"]
[Date "2000.10.05"]
[Round "?"]
[White "Hossa"]
[Black "UltraMaster"]
[Result "0-1"]
[WhiteElo "2509"]
[BlackElo "2595"]
[PlyCount "134"]
[EventDate "2000.??.??"]

1. e4 e5 2. Nf3 Nc6 3. Bc4 Bc5 4. c3 Nf6 5. d4 exd4 6. cxd4 Bb4+ 7. Nc3 Nxe4 8.
O-O Bxc3 9. d5 Bf6 10. Re1 Ne7 11. Rxe4 d6 12. Bg5 Bxg5 13. Nxg5 h6 14. Qe2
hxg5 15. Re1 Be6 16. dxe6 f6 17. Re3 d5 18. Rh3 Rxh3 19. gxh3 g6 20. Qf3 Qd6
21. Qxf6 Qf4 22. Qh8+ Qf8 23. Qxf8+ Kxf8 24. Bd3 Kg7 25. Kg2 Kf6 26. Bb5 Rh8
27. Ba4 d4 28. Bb5 Nd5 29. Kg3 c5 30. a3 Rh7 31. Bc4 Nc7 32. Re4 Re7 33. b4 b6
34. Kg4 Nxe6 35. Re1 Re8 36. Bd5 d3 37. h4 gxh4 38. bxc5 bxc5 39. Rd1 Nd4 40.
Rxd3 Re2 41. Rc3 Rxf2 42. Ba8 Rc2 43. Rxc2 Nxc2 44. Kxh4 Nxa3 45. Kg3 Ke5 46.
Bc6 Nc4 47. Be8 g5 48. h4 gxh4+ 49. Kf3 Kd4 50. Kf2 a5 51. Bc6 Nb2 52. Ke2 a4
53. Kd2 a3 54. Kc2 Nd3 55. Kb1 a2+ 56. Ka1 Nb4 57. Kb2 a1=Q+ 58. Kxa1 Nxc6 59.
Kb2 h3 60. Kc1 h2 61. Kd2 h1=Q 62. Kc2 Qg2+ 63. Kb3 Qd2 64. Ka3 Qb4+ 65. Ka2
Kc3 66. Ka1 Kc2 67. Ka2 Qa4# {Hossa checkmated} 0-1

[Event "ICS rated blitz match"]
[Site "204.178.125.65"]
[Date "2000.10.05"]
[Round "?"]
[White "ozgurcan"]
[Black "Hossa"]
[Result "0-1"]
[WhiteElo "2124"]
[BlackElo "2497"]
[PlyCount "72"]
[EventDate "2000.??.??"]

1. d4 d5 2. Nf3 Nf6 3. c4 e6 4. Nc3 c6 5. e3 Bd6 6. Qc2 b6 7. Bd3 Na6 8. a3 O-O
9. O-O c5 10. cxd5 exd5 11. e4 cxd4 12. Nxd5 Ng4 13. e5 Nxe5 14. Bxh7+ Kh8 15.
Nxe5 Bxe5 16. Qe4 Re8 17. f4 Bb8 18. Qxd4 Kxh7 19. Rf3 Nc7 20. Rg3 f6 21. Qd3+
f5 22. Qc3 Qd7 23. Rh3+ Kg8 24. Ne3 Re4 25. Bd2 Rxf4 26. Rd1 Re4 27. Bc1 Qe8
28. Rg3 Ne6 29. Nxf5 Bxg3 30. hxg3 Ba6 31. Nd6 Qh5 32. Nxe4 Qxd1+ 33. Kh2 Qh5+
34. Kg1 Rd8 35. Bd2 Bb7 36. Qb3 Qf7 {ozgurcan resigns} 0-1

[Event "ICS rated blitz match"]
[Site "204.178.125.65"]
[Date "2000.10.05"]
[Round "?"]
[White "Hossa"]
[Black "ozgurcan"]
[Result "1-0"]
[WhiteElo "2500"]
[BlackElo "2121"]
[PlyCount "55"]
[EventDate "2000.??.??"]

1. d4 Nf6 2. c4 g6 3. Nc3 Bg7 4. e4 d6 5. Be2 O-O 6. Nf3 e5 7. O-O Nc6 8. d5
Ne7 9. Ne1 Nd7 10. g4 f5 11. f3 Nf6 12. gxf5 gxf5 13. Qb3 Qe8 14. Ng2 Qh5 15.
c5 Kh8 16. Nb5 Ne8 17. Nxc7 fxe4 18. Nxa8 Bh3 19. fxe4 Qxe2 20. Rxf8+ Bxf8 21.
Qxh3 Qd1+ 22. Kf2 Nf6 23. Qf3 Qc2+ 24. Kf1 Bg7 25. cxd6 Ng6 26. Bg5 Nxe4 27. d7
Qc4+ 28. Kg1 {ozgurcan resigns} 1-0

[Event "ICS rated blitz match"]
[Site "204.178.125.65"]
[Date "2000.10.05"]
[Round "?"]
[White "ozgurcan"]
[Black "Hossa"]
[Result "0-1"]
[WhiteElo "2118"]
[BlackElo "2503"]
[PlyCount "62"]
[EventDate "2000.??.??"]

1. e4 e5 2. Nf3 Nc6 3. Bb5 a6 4. Ba4 Nf6 5. O-O Be7 6. Re1 b5 7. Bb3 d6 8. c3
O-O 9. h3 Bb7 10. d4 Re8 11. Nbd2 Bf8 12. Bc2 g6 13. Nf1 exd4 14. cxd4 Nb4 15.
Bb1 Bxe4 16. Bxe4 Nxe4 17. Qb3 c5 18. a3 c4 19. Qxb4 d5 20. Bg5 f6 21. Bxf6 Qb6
22. Be5 Bxb4 23. axb4 Rxe5 24. Nxe5 Qxd4 25. Ng4 Qxb2 26. Rad1 Qxb4 27. Nfe3
Rd8 28. f3 Nc3 29. Nf6+ Kg7 30. Nfxd5 Nxd5 31. Nxd5 Rxd5 {ozgurcan resigns} 0-1

[Event "ICS rated blitz match"]
[Site "204.178.125.65"]
[Date "2000.10.05"]
[Round "?"]
[White "Hossa"]
[Black "ozgurcan"]
[Result "1-0"]
[WhiteElo "2506"]
[BlackElo "2115"]
[PlyCount "119"]
[EventDate "2000.??.??"]

1. d4 Nf6 2. c4 g6 3. Nc3 Bg7 4. e4 d6 5. Be2 O-O 6. Nf3 e5 7. O-O Nc6 8. d5
Ne7 9. Ne1 Nd7 10. g4 f5 11. f3 Kh8 12. gxf5 gxf5 13. Bd2 f4 14. Rf2 Rg8 15.
Rg2 Bf6 16. Qc2 Nf8 17. Rxg8+ Nxg8 18. Nd3 Bh3 19. Kh1 Ng6 20. Nf2 Qd7 21. Rg1
Nh6 22. Nb5 a6 23. Nxc7 Qxc7 24. Nxh3 Rg8 25. Nf2 Nh4 26. Rxg8+ Kxg8 27. Qa4
Qf7 28. Qd1 Qc7 29. Qg1+ Ng6 30. Ng4 Nxg4 31. Qxg4 Qc5 32. Kg2 Kf8 33. b4 Qd4
34. Be1 Qb2 35. Kf1 Qxa2 36. Qc8+ Kg7 37. Qxb7+ Kh6 38. b5 axb5 39. Qd7 Qa1 40.
Qxd6 Bh4 41. Qb4 bxc4 42. Bxc4 Bxe1 43. Qxe1 Qd4 44. Be2 Kg7 45. Qc1 Nh4 46.
Qc7+ Kh6 47. Qc6+ Ng6 48. Qb7 Qa1+ 49. Kg2 Qe1 50. Qb2 Nh4+ 51. Kh3 Ng6 52. d6
Qh4+ 53. Kg2 Qg5+ 54. Kh1 Qd8 55. Qb4 Qd7 56. Qc5 Kg5 57. Qc7 Qh3 58. d7 Qh4
59. d8=Q+ Kh5 60. Qxh7# {ozgurcan checkmated} 1-0

[Event "ICS rated blitz match"]
[Site "204.178.125.65"]
[Date "2000.10.05"]
[Round "?"]
[White "ozgurcan"]
[Black "Hossa"]
[Result "0-1"]
[WhiteElo "2112"]
[BlackElo "2509"]
[PlyCount "110"]
[EventDate "2000.??.??"]

1. e4 e5 2. Nf3 Nc6 3. Bc4 Bc5 4. b4 Bxb4 5. c3 Ba5 6. d4 d6 7. O-O exd4 8.
cxd4 Nf6 9. Bg5 h6 10. Bh4 g5 11. Bg3 Nxe4 12. d5 Nxg3 13. hxg3 Ne7 14. Qa4+ c6
15. dxc6 bxc6 16. Rd1 O-O 17. Qb3 Bf5 18. Ne5 d5 19. Bd3 Qc7 20. f4 Bb6+ 21.
Kh1 Bd4 22. Nc3 Bxe5 23. fxe5 Qxe5 24. Re1 Qxg3 25. Rxe7 Qh4+ 26. Kg1 Qd4+ 27.
Kh1 Bxd3 28. Rae1 Rfb8 29. Qa3 Qf2 30. Nd1 Qh4+ 31. Kg1 Bc2 32. Nf2 Rb1 33.
Rxb1 Bxb1 34. Qc1 Qb4 35. Qe3 Bxa2 36. Nd3 Qb1+ 37. Kh2 Qb8+ 38. g3 Bc4 39. Nc5
Qb2+ 40. Kh1 Qb1+ 41. Kh2 Rb8 42. Re8+ Kh7 43. Rxb8 Qxb8 44. Nd7 Qb2+ 45. Kg1
Qb1+ 46. Kh2 Qa2+ 47. Kg1 Qa1+ 48. Kh2 Kg7 49. Qe7 Qb2+ 50. Kg1 Qd4+ 51. Kh2
Qf2+ 52. Kh1 Bf1 53. Qe5+ Kh7 54. Nf6+ Kg6 55. Ne4 Qg2# {ozgurcan checkmated}
0-1

[Event "ICS rated blitz match"]
[Site "204.178.125.65"]
[Date "2000.10.05"]
[Round "?"]
[White "Hossa"]
[Black "ozgurcan"]
[Result "1-0"]
[WhiteElo "2512"]
[BlackElo "2109"]
[PlyCount "43"]
[EventDate "2000.??.??"]

1. e4 Nf6 2. e5 Nd5 3. d4 d6 4. Nf3 Bg4 5. Be2 e6 6. O-O Nd7 7. c4 N5b6 8. h3
Bh5 9. exd6 cxd6 10. Nc3 Be7 11. b3 O-O 12. Bf4 d5 13. c5 Nc8 14. Nb5 Bxf3 15.
Bxf3 e5 16. dxe5 Nxc5 17. Qxd5 Qxd5 18. Bxd5 Nd3 19. Bg3 Rb8 20. e6 Ra8 21.
exf7+ Kh8 22. Bxb7 {ozgurcan resigns} 1-0

[Event "ICS rated blitz match"]
[Site "204.178.125.65"]
[Date "2000.10.05"]
[Round "?"]
[White "ozgurcan"]
[Black "Hossa"]
[Result "0-1"]
[WhiteElo "2106"]
[BlackElo "2515"]
[PlyCount "30"]
[EventDate "2000.??.??"]

1. e4 e5 2. f3 Bc5 3. c3 Nc6 4. Ne2 Bb6 5. d4 d6 6. Be3 d5 7. Qd2 dxe4 8. fxe4
Nf6 9. d5 Nxe4 10. Qd3 Nf6 11. Bxb6 axb6 12. c4 Nb4 13. Qd2 Qe7 14. Nbc3 Bf5
15. Rc1 Nd3+ {ozgurcan resigns} 0-1

[Event "ICS rated blitz match"]
[Site "204.178.125.65"]
[Date "2000.10.05"]
[Round "?"]
[White "Hossa"]
[Black "ozgurcan"]
[Result "1-0"]
[WhiteElo "2518"]
[BlackElo "2103"]
[PlyCount "59"]
[EventDate "2000.??.??"]

1. d4 Nf6 2. Nf3 g6 3. c4 Bg7 4. Nc3 O-O 5. e4 d6 6. Be3 e5 7. dxe5 dxe5 8. Bd3
Nc6 9. O-O h6 10. Nd5 Kh7 11. Qe2 Nh5 12. Bc5 Rg8 13. Rfd1 f5 14. exf5 gxf5 15.
Ne1 Qh4 16. Nxc7 Nf4 17. Qe3 Bf6 18. Nxa8 Nh3+ 19. Kh1 Nf4 20. g3 Qh5 21. gxf4
exf4 22. Qe2 Qh3 23. Qf3 Qh4 24. Ng2 Rxg2 25. Qxg2 Be5 26. Rg1 Be6 27. Qg6+ Kh8
28. Qe8+ Kh7 29. Bxf5+ Bxf5 30. Qg8# {ozgurcan checkmated} 1-0

[Event "ICS rated blitz match"]
[Site "204.178.125.65"]
[Date "2000.10.05"]
[Round "?"]
[White "ozgurcan"]
[Black "Hossa"]
[Result "0-1"]
[WhiteElo "2100"]
[BlackElo "2521"]
[PlyCount "86"]
[EventDate "2000.??.??"]

1. d4 d5 2. c4 dxc4 3. e4 Nf6 4. e5 Nd5 5. Bxc4 Nb6 6. Bb3 Nc6 7. Nf3 Bf5 8.
Be3 Nb4 9. O-O e6 10. Nc3 Be7 11. a3 N4d5 12. Bd2 O-O 13. Re1 c6 14. Ne4 Rb8
15. Ng3 Bd3 16. Bc3 Bb5 17. Bc2 Nxc3 18. bxc3 Nc4 19. Ne4 Bxa3 20. Qd3 g6 21.
Nf6+ Kg7 22. Qe4 Qa5 23. Qh4 Rh8 24. Qg5 h6 25. Nh5+ Kg8 26. Nf6+ Kf8 27. Qf4
g5 28. Qg4 Qxc3 29. Nd7+ Ke7 30. Nxb8 Qxc2 31. h4 Rxb8 32. hxg5 hxg5 33. Qxg5+
Kd7 34. Qh5 Qg6 35. Qh3 Rg8 36. Re2 Rg7 37. Rea2 Rh7 38. Nh4 Qe4 39. g3 Qxd4
40. Rxa3 Nxa3 41. Rxa3 Qd1+ 42. Kh2 Bf1 43. Qg4 Qxg4 {ozgurcan resigns} 0-1

[Event "ICS rated blitz match"]
[Site "204.178.125.65"]
[Date "2000.10.05"]
[Round "?"]
[White "Hossa"]
[Black "ozgurcan"]
[Result "1-0"]
[WhiteElo "2524"]
[BlackElo "2097"]
[PlyCount "69"]
[EventDate "2000.??.??"]

1. c4 Nf6 2. Nc3 g6 3. g3 Bg7 4. Nf3 O-O 5. Bg2 c5 6. d4 cxd4 7. Nxd4 Nc6 8.
O-O Nxd4 9. Qxd4 d6 10. Qh4 Be6 11. Bxb7 Qb6 12. Bxa8 Rxa8 13. Rb1 Rc8 14. b3
Bf5 15. e4 Be6 16. Bh6 Qd4 17. Nb5 Qxe4 18. Qxe4 Nxe4 19. Bxg7 Kxg7 20. Rb2 a6
21. Nd4 Bh3 22. Re1 d5 23. cxd5 Kf8 24. Rbe2 Nc3 25. Rxe7 Nxd5 26. Ra7 Rc3 27.
Rxa6 Rd3 28. Nc6 Nc3 29. Ra7 Ne4 30. Rxf7+ Kxf7 31. Ne5+ Kf6 32. Nxd3 Kf5 33.
f3 Nd2 34. Kf2 h5 35. Nf4 {ozgurcan resigns} 1-0